000 00814nam a2200277 i 4500
001 18270
003 ES-MaACL
005 20250911062635.0
007 t|
008 011015s2000 sp ||||0| spa j
020 _a84-233-3279-9
040 _aM-BN
_bspa
_cM-BN
080 _a821.162.3-34"19"
100 1 _aHrabal, Bohumil.
_964451
245 1 0 _aLeyendas y romances de ciego /
_cBohumil Hrabal ; traducción de Luisa Rancaño y Núria Mirabet.
250 _a1ª ed.
260 _aBarcelona :
_bDestino,
_c2000.
300 _a233 p. ;
_c23 cm.
490 1 _aAncora y delfín ;
_v914
700 1 _aRancaño, Luisa.
_995392
700 1 _aMirabet, Núria.
_981466
830 0 0 _aÁncora y Delfín
_v914
_9151298
852 _aES-MaACL
_jL-24975
_bR.130353
999 _c18270
_d18270